Социология рекламного воздействия

Bibliographische Detailangaben
1. Verfasser: Савельева О. О. Ольга Олеговна
Zusammenfassung:Реклама — не только важная отрасль экономики, это еще и область социального взаимодействия, влияющая на нормы, ценности, представления, реальное поведение людей. Социологических публикаций по рекламе немало, но системных работ по социологии рекламы — единицы. Данная книга — одна из первых попыток комплексного подхода к социологической интерпретации этого важного социального феномена. Реклама рассматривается в свете различных парадигм социологии, особое внимание уделяется анализу рекламы в контексте социологии управления, рассмотрению ее как социальной технологии. Многие привычные понятия, связанные с рекламной деятельностью, представлены в этой книге по-новому, как категории не только рекламной практики, но и социологической науки. Предназначена для специалистов, интересующихся системными проблемами взаимодействия рекламы и общества. Особый интерес может представить для студентов старших курсов, магистрантов и аспирантов, обучающихся по специальностям «Реклама», «Паблик рилейшнз», «Социология», «Культурология», «Социальная философия», «Маркетинг», «Менеджмент».
Sprache:Russisch
Veröffentlicht: Москва, РИП-холдинг, 2006
Schriftenreihe:Академия рекламы
Schlagworte:
Format: MixedMaterials Buch
KOHA link:https://koha.lib.tpu.ru/cgi-bin/koha/opac-detail.pl?biblionumber=105214

MARC

LEADER 00000nam0a2200000 4500
001 105214
005 20231031114336.0
010 |a 5900045943 
035 |a (RuTPU)RU\TPU\book\113500 
090 |a 105214 
100 |a 20061114d2006 km y0rusy50 ca 
101 0 |a rus 
102 |a RU 
105 |a y z 001zy 
200 1 |a Социология рекламного воздействия  |f О. О. Савельева 
210 |a Москва  |c РИП-холдинг  |d 2006 
215 |a 284 с. 
225 1 |a Академия рекламы 
320 |a Библиогр.: с. 261-272. 
330 |a Реклама — не только важная отрасль экономики, это еще и область социального взаимодействия, влияющая на нормы, ценности, представления, реальное поведение людей. Социологических публикаций по рекламе немало, но системных работ по социологии рекламы — единицы. Данная книга — одна из первых попыток комплексного подхода к социологической интерпретации этого важного социального феномена. Реклама рассматривается в свете различных парадигм социологии, особое внимание уделяется анализу рекламы в контексте социологии управления, рассмотрению ее как социальной технологии. Многие привычные понятия, связанные с рекламной деятельностью, представлены в этой книге по-новому, как категории не только рекламной практики, но и социологической науки. Предназначена для специалистов, интересующихся системными проблемами взаимодействия рекламы и общества. Особый интерес может представить для студентов старших курсов, магистрантов и аспирантов, обучающихся по специальностям «Реклама», «Паблик рилейшнз», «Социология», «Культурология», «Социальная философия», «Маркетинг», «Менеджмент». 
610 1 |a реклама 
610 1 |a социология 
610 1 |a воздействия 
610 1 |a исследование 
610 1 |a социальное воздействие 
610 1 |a потребление 
610 1 |a имиджирование 
610 1 |a брендинг 
610 1 |a позиционирование 
675 |a 659  |v 3 
686 |a С55.57  |v LBC/SL-A  |2 rubbk 
700 1 |a Савельева  |b О. О.  |g Ольга Олеговна 
801 1 |a RU  |b 63413507  |c 20061114  |g PSBO 
801 2 |a RU  |b 63413507  |c 20230502  |g PSBO 
900 |a Социология рекламы 
942 |c BK